000 00602nam a2200229Ia 4500
003 OSt
005 20220928104710.0
006 a|||||r|||| 00| 0
007 ta
008 220927b |||||||| |||| 00| 0 eng d
024 _a51327
037 _cTextual
040 _aSDCL
_cSDCL
_beng
041 _2eng
_aeng
082 _aV41:191'N7, L8
100 _aYahuda Michael B
_9411586
245 0 _aChina's role in world affairs
260 _aLondon
_bCroom Helm
_c1978
300 _a298p
_ccm.
942 _hV41:191'N7, L8
_cTEXL
_2CC
999 _c727278
_d727278